European industrial and logistics (Record no. 83997)
[ view plain ]
| 000 -LEADER | |
|---|---|
| fixed length control field | 01408cad a22002055a 4500 |
| 001 - CONTROL NUMBER | |
| control field | L156410 |
| 008 - FIXED-LENGTH DATA ELEMENTS--GENERAL INFORMATION | |
| fixed length control field | 120518s2012 xxk 000 0 eng d |
| 035 ## - SYSTEM CONTROL NUMBER | |
| System control number | (Sirsi) u156410 |
| 041 0# - LANGUAGE CODE | |
| Language code of text/sound track or separate title | eng |
| 110 2# - MAIN ENTRY--CORPORATE NAME | |
| Corporate name or jurisdiction name as entry element | Colliers International |
| 9 (RLIN) | 5548 |
| 245 00 - TITLE STATEMENT | |
| Title | European industrial and logistics |
| Remainder of title | a long-term view |
| Medium | [electronic resource] |
| 260 ## - PUBLICATION, DISTRIBUTION, ETC. | |
| Place of publication, distribution, etc. | [S.l.] |
| Name of publisher, distributor, etc. | Colliers International |
| Date of publication, distribution, etc. | 2012 |
| 490 #0 - SERIES STATEMENT | |
| Series statement | Colliers International European Industrial and Logistics White Paper |
| Volume/sequential designation | No 1 April 2012 |
| 520 ## - SUMMARY, ETC. | |
| Summary, etc. | The first of six papers on Europe's industrial and logistics markets concentrates on the macroeconomic trends which are expected to impact on the market over the next decade and beyond. Growing trade with Asia, in particular China and India, will drive new supply chains and infrastructure. New centres of consumption and production are emerging. Turkey has a key role in growing sea and rail freight between Europe and Asia. With Eastern Europe forecast to see strong economic growth the pressure is on for the infrastructure to help make this happen. Internally increased economic scale in Eastern Europe and externally increased scale in Asia will be the crucial drivers of change in these markets. |
| 590 ## - LOCAL NOTE (RLIN) | |
| Local note | NTK KA |
| 651 #4 - SUBJECT ADDED ENTRY--GEOGRAPHIC NAME | |
| Geographic name | Europe |
| 690 ## - LOCAL SUBJECT ADDED ENTRY--TOPICAL TERM (OCLC, RLIN) | |
| Topical term or geographic name as entry element | Commercial property |
| 9 (RLIN) | 6227 |
| 856 40 - ELECTRONIC LOCATION AND ACCESS | |
| Uniform Resource Identifier | <a href="https://dsg.colliers.com/document.aspx?report=2889.pdf">https://dsg.colliers.com/document.aspx?report=2889.pdf</a> |
| Public note | View the white paper at dsg.colliers.com |
| 942 ## - ADDED ENTRY ELEMENTS (KOHA) | |
| Suppress in OPAC | 0 |
| Withdrawn status | Lost status | Source of classification or shelving scheme | Damaged status | Not for loan | Home library | Current library | Shelving location | Date acquired | Total Checkouts | Full call number | Barcode | Date last seen | Copy number | Price effective from | Koha item type |
|---|---|---|---|---|---|---|---|---|---|---|---|---|---|---|---|
| Dewey Decimal Classification | Virtual | Virtual | Online | 18/05/2012 | ONLINE PUBLICATION | 156410-2001 | 06/08/2019 | 1 | 06/08/2019 | Book |